Journal of Monetary Economics

Salvato in:
Dettagli Bibliografici
Natura: Periodico
Lingua:inglese
Pubblicazione: Amsterdam Elsevier Science Publishers B.V.
Soggetti:
Tags: Aggiungi Tag
Nessun Tag, puoi essere il primo ad aggiungerne!!

MARC

LEADER 00000nas1a22000001 4500
001 s120835
005 20250701092056.8
022 |a 0304-3932 
022 |a 1873-1295 
041 0 |a eng 
044 |a NL 
245 1 0 |a Journal of Monetary Economics 
264 1 |a Amsterdam  |b Elsevier Science Publishers B.V. 
610 2 0 |a makroekonomika 
610 2 0 |a teórie ekonomické 
610 2 0 |a trh finančný medzinárodný 
610 2 0 |a politika menová